[Event "European Rapid 2014"]
[Site "Wroclaw POL"]
[Date "2014.12.20"]
[Round "4.26"]
[White "Pohjala, Henri"]
[Black "Kempinski, Robert"]
[Result "1/2-1/2"]
[WhiteTitle "FM"]
[BlackTitle "GM"]
[WhiteElo "2399"]
[BlackElo "2626"]
[WhiteFideId "506478"]
[BlackFideId "1105663"]
[EventDate "2014.12.20"]

1. d4 Nf6 2. Nf3 g6 3. g3 Bg7 4. Bg2 O-O 5. O-O d6 6. c4 Nbd7 7. Nc3 e5 8. h3
Re8 9. e4 exd4 10. Nxd4 Nc5 11. Re1 h6 12. b3 Ne6 13. Nxe6 Bxe6 14. Bb2 c6 15.
Qc2 Qa5 16. Rad1 Rad8 17. Ne2 d5 18. Bc3 Qc5 19. Qb2 Nh5 20. cxd5 cxd5 21. g4
Bxc3 22. Nxc3 d4 23. Na4 Qg5 24. gxh5 Bxh3 25. f4 Qxh5 26. Bxh3 Qxh3 27. Qg2 Qh4
28. Rf1 d3 29. Nc3 Rd4 30. Rf3 Rc8 31. Nd5 d2 32. Qf2 Qxf2+ 33. Kxf2 Rc1 34. Ke2
Rxe4+ 35. Ne3 Rxd1 36. Kxd1 Rd4 37. Nc4 Kg7 38. Nxd2 g5 39. fxg5 hxg5 40. Ke2
Kg6 41. Rg3 Rd5 42. Ne4 f6 43. Rg2 a5 44. Ke3 a4 45. b4 a3 46. Rd2 Rb5 47. Rd6
Rxb4 48. Rxf6+ Kh5 49. Kf3 g4+ 50. Kf4 g3 51. Rf8 g2 52. Rh8+ Kg6 53. Rg8+ Kf7
54. Rxg2 Ke6 55. Ke3 Rb1 56. Nc3 Rb4 57. Kd3 Kd6 58. Rg8 b5 59. Ra8 Kc5 60. Rxa3
Rd4+ 61. Ke3 Rh4 62. Ne4+ Kb4 63. Ra8 Rh3+ 64. Kd4 Ra3 65. Rxa3 Kxa3 66. Kc5
Kxa2 67. Kxb5 1/2-1/2

[Event "European Rapid 2014"]
[Site "Wroclaw POL"]
[Date "2014.12.20"]
[Round "4.27"]
[White "Licznerski, Lukasz"]
[Black "Neiksans, Arturs"]
[Result "1-0"]
[WhiteTitle "FM"]
[BlackTitle "GM"]
[WhiteElo "2318"]
[BlackElo "2559"]
[WhiteFideId "1179250"]
[BlackFideId "11601388"]
[EventDate "2014.12.20"]

1. e4 c5 2. Nf3 e6 3. d4 cxd4 4. Nxd4 a6 5. Bd3 Bc5 6. Nb3 Be7 7. Qg4 Bf6 8. Qe2
Nc6 9. O-O Nge7 10. N1d2 O-O 11. Nf3 Ng6 12. c3 Qc7 13. Nbd4 b6 14. Nxc6 dxc6
15. Re1 e5 16. Bc4 b5 17. Bb3 h6 18. Be3 Bb7 19. Bc5 Be7 20. Qe3 Bxc5 21. Qxc5
Rad8 22. Red1 Kh7 23. h4 f6 24. g3 Qe7 25. Qb6 h5 26. a4 Nh8 27. Ne1 g5 28. Ng2
c5 29. Bd5 Bxd5 30. exd5 Qd6 31. Qxd6 Rxd6 32. axb5 axb5 33. Ra5 Rb8 34. Ra7+
Kg6 35. hxg5 fxg5 36. Ne3 c4 37. Rda1 Nf7 38. Re7 Rbb6 39. Ra8 g4 40. Rc7 Nh6
41. Rh8 Kg5 42. Re7 Kf6 43. Reh7 Kg5 44. Re7 Kf6 45. Ra7 Kg5 46. Re7 Kf6 47. Ra7
Kg5 48. Re8 Kf6 49. Rae7 Nf7 50. Ra7 Ra6 51. Rb7 Rdb6 52. Rc7 Nh6 53. Rh8 Kg5
54. Rg7+ Rg6 55. Re7 Kf6 56. Rb7 Ra5 57. Rf8+ Kg5 58. Re7 Rf6 59. Rg7+ Rg6 60.
Re7 Rf6 61. Rxe5+ Kg6 62. Re6 Rxe6 63. dxe6 Ra7 64. Nd5 Nf5 65. Rxf5 Kxf5 66. e7
Ra8 67. Nc7 Rc8 68. e8=Q Rxe8 69. Nxe8 Ke4 70. Nc7 1-0

[Event "European Rapid 2014"]
[Site "Wroclaw POL"]
[Date "2014.12.20"]
[Round "4.28"]
[White "Schwarz, Dusan"]
[Black "Dragun, Kamil"]
[Result "0-1"]
[BlackTitle "GM"]
[WhiteElo "2342"]
[BlackElo "2547"]
[WhiteFideId "14903890"]
[BlackFideId "1134167"]
[EventDate "2014.12.20"]

1. d4 Nf6 2. c4 e6 3. Nc3 Bb4 4. f3 d5 5. a3 Bxc3+ 6. bxc3 O-O 7. cxd5 exd5 8.
e3 Nh5 9. Qc2 Re8 10. g3 c5 11. Ne2 Nc6 12. Bg2 Nf6 13. O-O Qe7 14. g4 h6 15.
Ng3 b5 16. Nf5 Bxf5 17. Qxf5 Na5 18. Ra2 Nb3 19. Re2 cxd4 20. Bb2 dxe3 21. Rfe1
Nd2 22. Rxe3 Qc5 23. Qf4 Nc4 24. Bc1 Nxe3 25. Rxe3 d4 26. Qxd4 Qxd4 27. cxd4
Rxe3 28. Bxe3 Rc8 29. d5 Nxd5 30. Bxa7 Rc3 31. Bf1 Rxa3 32. Bc5 b4 33. f4 Ra1
34. Bd4 Rd1 0-1

[Event "European Rapid 2014"]
[Site "Wroclaw POL"]
[Date "2014.12.20"]
[Round "4.29"]
[White "Natsidis, Christoph"]
[Black "Bortnyk, Olexandr"]
[Result "0-1"]
[WhiteTitle "FM"]
[BlackTitle "IM"]
[WhiteElo "2357"]
[BlackElo "2533"]
[WhiteFideId "24601179"]
[BlackFideId "14120828"]
[EventDate "2014.12.20"]

1. d4 d6 2. e4 Nf6 3. f3 Nbd7 4. c4 e5 5. Ne2 exd4 6. Nxd4 g6 7. Nc3 Bg7 8. Be2
O-O 9. O-O Re8 10. Bg5 c6 11. Qd2 Qa5 12. Nb3 Qb4 13. Rfd1 a5 14. Nd4 a4 15. Nc2
Qa5 16. b4 Qc7 17. Rac1 Ne5 18. a3 Be6 19. Ne3 h6 20. Bh4 g5 21. Bf2 Red8 22.
Ncd5 cxd5 23. cxd5 Qe7 24. dxe6 fxe6 25. Qa2 Kh8 26. Nc4 Nh5 27. Nxe5 Bxe5 28.
g3 Ng7 29. Rc2 Qf6 30. Rc7 Rab8 31. Rc2 h5 32. Kg2 Rf8 33. Rcd2 h4 34. Qc2 b5
35. Rxd6 h3+ 36. Kg1 Bxd6 37. Rxd6 Qa1+ 38. Bf1 Rxf3 39. Rd1 Qc3 40. Qe2 g4 41.
Bd4 Qxa3 42. Qd2 Rxg3+ 43. hxg3 Qxg3+ 44. Kh1 Qf3+ 45. Kg1 Qg3+ 46. Kh1 e5 47.
Bc3 Rf8 48. Qe1 Rf2 49. Rd8+ Kh7 50. Bxe5 Qf3+ 51. Kg1 Rg2+ 0-1

[Event "European Rapid 2014"]
[Site "Wroclaw POL"]
[Date "2014.12.20"]
[Round "4.30"]
[White "Shimanov, Aleksandr"]
[Black "Maier, Christian"]
[Result "1-0"]
[WhiteTitle "GM"]
[BlackTitle "IM"]
[WhiteElo "2591"]
[BlackElo "2379"]
[WhiteFideId "4198603"]
[BlackFideId "4601955"]
[EventDate "2014.12.20"]

1. e4 e6 2. d4 d5 3. Nd2 Nf6 4. Bd3 c5 5. e5 Nfd7 6. c3 Nc6 7. Ne2 cxd4 8. cxd4
f6 9. exf6 Qxf6 10. Nf3 Bd6 11. O-O O-O 12. Ng3 Kh8 13. Bc2 Qe7 14. Re1 Rxf3 15.
Qxf3 Nxd4 16. Qd3 Nxc2 17. Qxc2 Qf7 18. b3 Nf6 19. Bb2 Bd7 20. Be5 Bb4 21. Re3
Rc8 22. Qd1 Qg6 23. h3 Bc6 24. Ne2 Ne4 25. f3 Ng5 26. Nf4 Qf5 27. Qd4 Ba5 28.
Bxg7+ Kg8 29. Bh6 e5 30. Qxe5 Qxe5 31. Rxe5 Nf7 32. Rh5 Bd2 33. Nxd5 Nxh6 34.
Ne7+ Kf7 35. Nxc8 Kg6 36. Re5 Bc3 37. Rae1 1-0

[Event "European Rapid 2014"]
[Site "Wroclaw POL"]
[Date "2014.12.20"]
[Round "4.31"]
[White "Sotsky, Alexander"]
[Black "Popov, Valerij"]
[Result "0-1"]
[WhiteTitle "IM"]
[BlackTitle "GM"]
[WhiteElo "2377"]
[BlackElo "2555"]
[WhiteFideId "4130715"]
[BlackFideId "4119410"]
[EventDate "2014.12.20"]

1. d4 d5 2. Nf3 Nf6 3. c3 e6 4. Bg5 h6 5. Bh4 g5 6. Bg3 Ne4 7. Nbd2 Nxg3 8. hxg3
Bg7 9. e4 b6 10. Bd3 Bb7 11. Qe2 Nd7 12. O-O-O Qe7 13. Kb1 c5 14. Rhe1 O-O 15.
Bc2 Rfd8 16. exd5 Bxd5 17. Ne4 Rac8 18. dxc5 Nxc5 19. Nxc5 Qxc5 20. Nd4 Qc4 21.
Qxc4 Bxc4 22. Nf3 Bd5 23. Bb3 Bc6 24. Kc1 g4 25. Nh2 h5 26. f3 a5 27. Bc2 b5 28.
Be4 Be8 29. Nf1 Rxd1+ 30. Kxd1 b4 31. cxb4 axb4 32. b3 Bc3 33. Re3 Bb5 34. Bd3
Bxd3 35. Rxd3 Ra8 36. fxg4 hxg4 37. Ne3 Rxa2 38. Nxg4 Rxg2 39. Rd7 Kg7 40. Ne3
Rxg3 41. Ke2 Kg6 42. Rd8 f5 43. Rg8+ Bg7 44. Re8 Kf7 45. Rb8 f4 46. Rb7+ Kg6 47.
Nc4 Rxb3 48. Rb6 Kf5 49. Nd6+ Kg4 50. Ne8 f3+ 51. Kd2 Bh6+ 52. Kd1 f2 0-1

[Event "European Rapid 2014"]
[Site "Wroclaw POL"]
[Date "2014.12.20"]
[Round "4.32"]
[White "Belous, Vladimir"]
[Black "Piesik, Piotr"]
[Result "1-0"]
[WhiteTitle "GM"]
[WhiteElo "2578"]
[BlackElo "2256"]
[WhiteFideId "4174003"]
[BlackFideId "1136194"]
[EventDate "2014.12.20"]

1. d4 c5 2. d5 e5 3. Nc3 d6 4. Nf3 Na6 5. e4 Nc7 6. h3 Be7 7. a4 b6 8. Be2 a6 9.
O-O Bd7 10. Be3 Nf6 11. Nxe5 dxe5 12. d6 Bc6 13. dxe7 Qxe7 14. Bg5 Rd8 15. Qc1
h6 16. Bh4 g5 17. Bg3 Rd4 18. Re1 Rg8 19. b3 Kf8 20. Qb2 h5 21. Bd3 h4 22. Bh2
g4 23. Re3 Qe6 24. Kh1 gxh3 25. Rxh3 Ng4 26. Rf1 Qg6 27. Ne2 Bxe4 28. Nxd4 Bxg2+
29. Kxg2 Ne3+ 30. Kf3 Qg2+ 31. Kxe3 cxd4+ 32. Kd2 Qxh3 33. Bxe5 Ne6 34. Qa3+ Ke8
35. Qd6 Qg4 36. Bf6 1-0

[Event "European Rapid 2014"]
[Site "Wroclaw POL"]
[Date "2014.12.20"]
[Round "4.33"]
[White "Aleksandrov, Aleksej"]
[Black "Bartel, Michal"]
[Result "1-0"]
[WhiteTitle "GM"]
[BlackTitle "FM"]
[WhiteElo "2593"]
[BlackElo "2327"]
[WhiteFideId "13500139"]
[BlackFideId "1119257"]
[EventDate "2014.12.20"]

1. d4 d5 2. c4 dxc4 3. e3 e5 4. Bxc4 exd4 5. exd4 Nf6 6. Nf3 Be7 7. O-O O-O 8.
h3 Nbd7 9. Re1 c5 10. Bb3 cxd4 11. Nxd4 Nc5 12. Bc2 Re8 13. Nc3 Ne6 14. Nf5 Qxd1
15. Nxe7+ Rxe7 16. Rxd1 Bd7 17. Be3 Bc6 18. Rd6 Rd7 19. Rxd7 Nxd7 20. Rd1 a6 21.
f4 Re8 22. Kf2 Nf6 23. g4 h6 24. b4 Nc7 25. Bb3 g6 26. a4 Rc8 27. f5 g5 28. Bb6
Kf8 29. Rc1 Bd7 30. Rc2 h5 31. Kg3 Nce8 32. Bd4 b6 33. Re2 b5 34. Bc5+ Kg8 35.
axb5 Bxb5 36. Re7 Nd6 37. Nxb5 Nde4+ 38. Kf3 Nd2+ 39. Ke2 Nxb3 40. Nd6 Rf8 41.
gxh5 Nxh5 42. Kd3 Nf4+ 43. Kc2 Nxc5 44. bxc5 Kg7 45. c6 Nd5 46. Ne8+ Kh6 47. Re4
a5 48. Kb3 Kh5 49. Kc4 Nb6+ 50. Kb5 Nc8 51. Kxa5 f6 52. c7 Rf7 53. Ka6 Re7 54.
Nxf6+ Kh6 55. Ng8+ 1-0

[Event "European Rapid 2014"]
[Site "Wroclaw POL"]
[Date "2014.12.20"]
[Round "4.34"]
[White "Piorun, Kacper"]
[Black "Klykow, Lukasz"]
[Result "1-0"]
[WhiteTitle "GM"]
[WhiteElo "2517"]
[BlackElo "2150"]
[WhiteFideId "1130420"]
[BlackFideId "1106767"]
[EventDate "2014.12.20"]

1. e4 e5 2. Nf3 Nc6 3. Bb5 f5 4. d3 fxe4 5. dxe4 Nf6 6. Qd3 Bc5 7. c3 d6 8. Be3
Bb6 9. Nbd2 O-O 10. h3 Kh8 11. O-O-O Be6 12. Bc4 Qe7 13. Kb1 Bxe3 14. fxe3 d5
15. exd5 e4 16. Qc2 Nxd5 17. Bxd5 Bxd5 18. Nd4 Ne5 19. c4 Bg8 20. Qxe4 Rae8 21.
Rhf1 Rxf1 22. Rxf1 Nxc4 23. Qxe7 Nxd2+ 24. Kc2 Rxe7 25. Kxd2 g6 26. a3 Bd5 27.
g3 Bg2 28. Rf8+ Kg7 29. Ra8 c5 30. Ne2 b6 31. Rb8 Bxh3 32. Nc3 Bf5 33. Ke2 h5
34. Kf3 g5 35. e4 Bg6 36. a4 h4 37. gxh4 gxh4 38. Rd8 h3 39. Rd2 a6 40. Rh2 b5
41. axb5 axb5 42. Rxh3 b4 43. Na4 Bxe4+ 44. Kf4 c4 45. Re3 Rf7+ 46. Kxe4 Re7+
47. Kd4 Ra7 48. Nb6 c3 49. b3 Ra1 50. Re2 Rb1 51. Kc4 Rb2 52. Re1 c2 53. Rc1 1-0

[Event "European Rapid 2014"]
[Site "Wroclaw POL"]
[Date "2014.12.20"]
[Round "4.35"]
[White "Lewicki, Miroslaw"]
[Black "Tomczak, Jacek"]
[Result "0-1"]
[WhiteTitle "CM"]
[BlackTitle "GM"]
[WhiteElo "2208"]
[BlackElo "2561"]
[WhiteFideId "1113380"]
[BlackFideId "1124668"]
[EventDate "2014.12.20"]

1. e4 e6 2. d4 d5 3. exd5 exd5 4. Bd3 c5 5. c3 Nc6 6. Ne2 c4 7. Bc2 Bd6 8. Bf4
Nge7 9. O-O O-O 10. Nd2 b5 11. Nf3 f6 12. Re1 Bg4 13. Bxd6 Qxd6 14. Ng3 Rae8 15.
h3 Bd7 16. Qd2 Nd8 17. a4 a6 18. axb5 axb5 19. Ra5 Qb6 20. Rea1 Ndc6 21. Ra6 Qc7
22. Nh4 Nc8 23. Qd1 g6 24. Bxg6 hxg6 25. Nxg6 N8e7 26. Qh5 Kg7 27. Nxf8 Rxf8 28.
Ra8 Bc8 29. Qf3 Qd6 30. Nh5+ Kf7 31. Nf4 Rh8 32. Re1 Bg4 33. Qxg4 Rxa8 34. Qh5+
Kg8 35. Ne6 Ne5 36. Ng5 fxg5 37. Rxe5 Ra1+ 38. Kh2 Ng6 39. Qxg5 Kh7 40. Qh5+ Kg7
41. Qg5 Kh7 42. f4 Nxe5 43. dxe5 Qc5 44. Qf5+ Kg8 45. e6 Ra7 46. Qg6+ Rg7 47.
Qf5 Qf2 0-1

[Event "European Rapid 2014"]
[Site "Wroclaw POL"]
[Date "2014.12.20"]
[Round "4.36"]
[White "Berzinsh, Ivars"]
[Black "Stopa, Jacek"]
[Result "0-1"]
[BlackTitle "IM"]
[WhiteElo "2181"]
[BlackElo "2521"]
[WhiteFideId "11600764"]
[BlackFideId "1119591"]
[EventDate "2014.12.20"]

1. e4 e5 2. Nf3 Nc6 3. Bb5 a6 4. Bxc6 dxc6 5. d4 exd4 6. Qxd4 Qxd4 7. Nxd4 Bd7
8. Be3 Ne7 9. Nc3 O-O-O 10. O-O-O Ng6 11. h3 h5 12. f4 f6 13. Nf5 h4 14. Ne2 Re8
15. Nc3 Bxf5 16. exf5 Ne7 17. Bc5 Nxf5 18. Bxf8 Rhxf8 19. Rhe1 b6 20. Ne4 Re6
21. Nd2 Rfe8 22. Rxe6 Rxe6 23. Nf3 Re4 24. Re1 Rxf4 25. Kd2 Kd7 26. Kd3 c5 27.
b3 Nd6 28. c4 g5 29. a4 Nf5 30. Re2 a5 31. Re1 Nd4 32. Nxd4 cxd4 33. c5 bxc5 34.
Kc4 Kd6 35. Re8 Rf2 36. Ra8 Rc2+ 37. Kd3 Rxg2 38. Rxa5 Rg3+ 39. Kc2 Rxh3 40.
Ra6+ c6 41. Ra7 c4 42. b4 Rh2+ 43. Kc1 c3 44. Ra8 Kd5 45. Rc8 d3 0-1

[Event "European Rapid 2014"]
[Site "Wroclaw POL"]
[Date "2014.12.20"]
[Round "4.37"]
[White "Lach, Piotr"]
[Black "Salgado Lopez, Ivan"]
[Result "0-1"]
[BlackTitle "GM"]
[WhiteElo "2128"]
[BlackElo "2622"]
[WhiteFideId "1126059"]
[BlackFideId "2257327"]
[EventDate "2014.12.20"]

1. e4 c5 2. Nf3 Nc6 3. Bb5 g6 4. O-O Bg7 5. Re1 Nf6 6. c3 O-O 7. d3 d6 8. h3 Bd7
9. Ba4 a6 10. Be3 b5 11. Bc2 e5 12. d4 exd4 13. cxd4 Re8 14. dxc5 Nxe4 15. Bxe4
Rxe4 16. Nc3 Bxc3 17. bxc3 dxc5 18. Bxc5 Bf5 19. Nd4 Qd5 20. Nxf5 Rxe1+ 21. Qxe1
Qxf5 22. Qe3 Rd8 23. Re1 Kg7 24. Bd4+ Nxd4 25. cxd4 Qd5 26. Rd1 b4 27. Qb3 Qxb3
28. axb3 Kf6 29. Kf1 Kf5 30. Ke2 Rc8 31. Ra1 Ke4 32. Rxa6 Rc2+ 33. Ke1 Kd3 34.
f3 Kxd4 35. Kd1 Rxg2 36. Rc6 Rb2 37. Rc7 f5 38. h4 Rxb3 39. Rxh7 Rxf3 40. Kc2
Rh3 41. Rb7 b3+ 42. Kb2 f4 43. Rb4+ Ke5 44. Rb5+ Kf6 45. Ka3 Rxh4 46. Rxb3 Kf5
47. Kb2 Rh8 48. Kc2 Rd8 49. Rb5+ Kg4 0-1

[Event "European Rapid 2014"]
[Site "Wroclaw POL"]
[Date "2014.12.20"]
[Round "4.38"]
[White "Ragger, Markus"]
[Black "Wieczorek, Oskar"]
[Result "1/2-1/2"]
[WhiteTitle "GM"]
[BlackTitle "IM"]
[WhiteElo "2651"]
[BlackElo "2425"]
[WhiteFideId "1610856"]
[BlackFideId "1133950"]
[EventDate "2014.12.20"]

1. d4 c5 2. d5 Nf6 3. c4 b5 4. cxb5 a6 5. bxa6 g6 6. Nc3 Bxa6 7. Nf3 Bg7 8. e4
Bxf1 9. Kxf1 d6 10. g3 Nbd7 11. Kg2 O-O 12. a4 Qb6 13. Qc2 Qb4 14. Bg5 Rfb8 15.
Rhb1 h6 16. Bd2 Qb3 17. Qc1 g5 18. Ra3 Qc4 19. Qc2 g4 20. Nh4 e6 21. dxe6 fxe6
22. Bf4 Ra6 23. a5 Nh5 24. Be3 Ne5 25. h3 d5 26. exd5 gxh3+ 27. Kxh3 exd5 28.
Qf5 d4 29. Qxh5 dxe3 30. f4 Nd3 31. Qd5+ Qxd5 32. Nxd5 c4 33. Nxe3 c3 34. Nhf5
Rxb2 35. Rxb2 cxb2 36. Rb3 Rxa5 37. Rb8+ Bf8 38. Nxh6+ Kh7 39. Nc4 Ra8 40. Rb7+
Kxh6 41. Nxb2 Nc5 42. Rb6+ Kg7 43. Nc4 Ra1 44. Ne3 Ne4 45. Re6 Nf2+ 46. Kg2 Ra2
47. Kf3 Kf7 48. Rc6 Nd3 49. Rc7+ Ke6 50. f5+ Ke5 51. g4 Bh6 52. Re7+ Kd4 53.
Rd7+ Kc3 54. Nd5+ Kb3 55. Rd6 Bg5 56. f6 Kc4 57. Ne3+ Kc3 58. Nd1+ Kc4 59. Ne3+
Kc3 60. Nd1+ Kc4 61. Ke4 Re2+ 62. Kf5 Re5+ 63. Kg6 Nf4+ 64. Kg7 Ne6+ 65. Kf7 Nf4
66. Nb2+ Kc5 67. Ra6 Rd5 68. Kg7 Kb5 69. Ra8 Ne6+ 70. Kg6 Nf4+ 71. Kg7 Ne6+ 72.
Kf7 Nf4 73. Kg7 Ne6+ 1/2-1/2

[Event "European Rapid 2014"]
[Site "Wroclaw POL"]
[Date "2014.12.20"]
[Round "4.39"]
[White "Anton Guijarro, David"]
[Black "Nuri, Kambez"]
[Result "1-0"]
[WhiteTitle "GM"]
[BlackTitle "FM"]
[WhiteElo "2608"]
[BlackElo "2317"]
[WhiteFideId "2285525"]
[BlackFideId "1311433"]
[EventDate "2014.12.20"]

1. d4 d5 2. c4 e6 3. Nf3 c5 4. cxd5 exd5 5. Nc3 Nc6 6. dxc5 d4 7. Na4 Bxc5 8.
Nxc5 Qa5+ 9. Qd2 Qxc5 10. a3 Nf6 11. b4 Qc3 12. Bb2 Qxd2+ 13. Kxd2 Ng4 14. Ke1
d3 15. Bxg7 Rg8 16. Bb2 dxe2 17. Bxe2 Bd7 18. Rc1 a6 19. h3 Nh6 20. g4 O-O-O 21.
Kf1 f5 22. g5 Nf7 23. h4 Nd6 24. Ne5 Kb8 25. Rh3 Ne4 26. Rd3 Bc8 27. Rxc6 1-0

[Event "European Rapid 2014"]
[Site "Wroclaw POL"]
[Date "2014.12.20"]
[Round "4.40"]
[White "Krzyzanowski, Marcin"]
[Black "Bindrich, Falko"]
[Result "1-0"]
[WhiteTitle "IM"]
[BlackTitle "GM"]
[WhiteElo "2400"]
[BlackElo "2610"]
[WhiteFideId "1132199"]
[BlackFideId "4676670"]
[EventDate "2014.12.20"]

1. e4 e5 2. Nf3 Nc6 3. d4 exd4 4. Nxd4 Bb4+ 5. c3 Bc5 6. Be3 Bb6 7. Bc4 Nge7 8.
O-O O-O 9. a4 d6 10. Re1 Kh8 11. Nd2 f5 12. Nxc6 bxc6 13. Bg5 h6 14. a5 Bc5 15.
b4 Bxf2+ 16. Kxf2 fxe4+ 17. Kg1 d5 18. Nxe4 hxg5 19. Nxg5 Bf5 20. Bd3 Qd7 21.
Rxe7 Qxe7 22. Qh5+ Kg8 23. Bxf5 1-0

[Event "European Rapid 2014"]
[Site "Wroclaw POL"]
[Date "2014.12.20"]
[Round "4.42"]
[White "Przybylski, Wojciech"]
[Black "Mista, Aleksander"]
[Result "1-0"]
[WhiteTitle "FM"]
[BlackTitle "GM"]
[WhiteElo "2378"]
[BlackElo "2614"]
[WhiteFideId "1117599"]
[BlackFideId "1110381"]
[EventDate "2014.12.20"]

1. e4 c5 2. Nf3 e6 3. b3 b6 4. Bb2 Bb7 5. Qe2 Nf6 6. e5 Ng4 7. Na3 Nc6 8. Nb5
Qb8 9. h3 Nh6 10. O-O-O a6 11. Nd6+ Bxd6 12. exd6 Nf5 13. d4 cxd4 14. Nxd4 Ncxd4
15. Bxd4 Qxd6 16. Be5 Qa3+ 17. Bb2 Qxa2 18. g4 Ne7 19. Rg1 Rc8 20. Qd3 Bd5 21.
Bxg7 Rg8 22. Bc3 Rc7 23. Rg3 b5 24. Bb2 Nc6 25. Qxh7 Rf8 26. Rxd5 exd5 27. Re3+
Ne7 28. Qh4 d6 29. Qf6 d4 30. Qxd4 Kd7 31. Bd3 Kc8 32. Qxd6 Rd8 33. Qb6 Rdd7 34.
Bf5 Nxf5 35. gxf5 Re7 36. h4 b4 37. Qxb4 Rxe3 38. fxe3 a5 39. Qb5 a4 40. Qe8+
Kb7 41. Qb5+ Kc8 42. Qa6+ Kd7 43. Qb5+ Kc8 44. bxa4 Qc4 45. Qxc4 Rxc4 46. Bd4
Rxa4 47. h5 Ra6 48. Bg7 Ra4 49. Bd4 Ra6 50. Bg7 Ra4 51. h6 Rh4 52. e4 f6 53. Kd2
Kd7 54. Bxf6 Rxh6 55. Bd4 Rh2+ 56. Kd3 Rh5 57. Be5 Rh1 58. Kc4 Kc6 59. Bd4 Rf1
60. c3 Rf3 61. Bg7 Kd6 62. Kd4 Rf1 63. Bf8+ Kd7 64. Ke5 Rc1 65. Bb4 Re1 66. Bc5
Kc6 67. Bd4 Kd7 68. Kd5 Rf1 69. c4 Rf3 70. c5 Rf1 71. c6+ Kc8 72. f6 Rf3 73. e5
Kc7 74. e6 Rf5+ 75. Be5+ 1-0

[Event "European Rapid 2014"]
[Site "Wroclaw POL"]
[Date "2014.12.20"]
[Round "4.44"]
[White "Hoepfl, Thomas"]
[Black "Chigaev, Maksim"]
[Result "0-1"]
[WhiteTitle "FM"]
[BlackTitle "IM"]
[WhiteElo "2296"]
[BlackElo "2494"]
[WhiteFideId "4615182"]
[BlackFideId "4108116"]
[EventDate "2014.12.20"]

1. e4 c5 2. Nf3 d6 3. d4 Nf6 4. Nc3 cxd4 5. Nxd4 a6 6. Bg5 Nbd7 7. f4 Qc7 8. Qe2
g6 9. Bxf6 Nxf6 10. e5 dxe5 11. fxe5 Ng4 12. e6 Qe5 13. exf7+ Kxf7 14. Nf3 Qxe2+
15. Bxe2 Bh6 16. Bc4+ Kg7 17. Bb3 Bf5 18. Nd4 Ne3 19. Nxf5+ gxf5 20. Nd5 Nxd5
21. Bxd5 Rac8 22. Bb3 Rhd8 23. O-O Be3+ 24. Kh1 f4 25. Rad1 e5 26. c3 Kf6 27.
Bd5 Rc7 28. g3 b5 29. gxf4 exf4 30. Bf3 Rxd1 31. Rxd1 Rg7 32. Rd6+ Ke7 33. Rd1
Rg5 34. Bg2 Rg8 35. Bf3 a5 36. Bg2 Rg7 37. Bf3 Rg6 38. Bg2 b4 39. cxb4 axb4 40.
Bf3 Ra6 41. Bd5 Rg6 42. Bf3 Ke6 43. Bd5+ Ke5 44. Bf3 Ra6 45. Bd5 Ra5 46. Bg8 f3
47. h3 Kf4 48. Rd5 Ra8 49. Bxh7 Rxa2 50. Rd1 Rxb2 51. Rb1 Rxb1+ 52. Bxb1 Kg3 53.
h4 f2 54. Bd3 b3 0-1

[Event "European Rapid 2014"]
[Site "Wroclaw POL"]
[Date "2014.12.20"]
[Round "4.45"]
[White "Schmidt, Wlodzimierz"]
[Black "Grigoriants, Sergey"]
[Result "1/2-1/2"]
[WhiteTitle "GM"]
[BlackTitle "GM"]
[WhiteElo "2332"]
[BlackElo "2570"]
[WhiteFideId "1100041"]
[BlackFideId "4130804"]
[EventDate "2014.12.20"]

1. d4 Nf6 2. c4 e6 3. Nc3 Bb4 4. Qc2 O-O 5. a3 Bxc3+ 6. Qxc3 d6 7. Bg5 Nbd7 8.
Nf3 b6 9. e3 Bb7 10. Be2 h6 11. Bh4 g5 12. Bg3 Ne4 13. Qc2 f5 14. Nd2 Qf6 15. f3
Nxg3 16. hxg3 c5 17. dxc5 bxc5 18. O-O-O Rab8 19. Nb1 d5 20. Qc3 Kg7 21. Qxf6+
Rxf6 22. Nc3 Nb6 23. cxd5 exd5 24. Bd3 Re8 25. Rhe1 a5 26. Re2 Re7 27. Kd2 Nd7
28. Ke1 Nb6 29. Kf2 Rf8 30. Bb5 Re6 31. Ke1 1/2-1/2

[Event "European Rapid 2014"]
[Site "Wroclaw POL"]
[Date "2014.12.20"]
[Round "4.46"]
[White "Heberla, Bartlomiej"]
[Black "Dubinski, Mateusz"]
[Result "1-0"]
[WhiteTitle "GM"]
[BlackTitle "CM"]
[WhiteElo "2561"]
[BlackElo "2223"]
[WhiteFideId "1115120"]
[BlackFideId "1125923"]
[EventDate "2014.12.20"]

1. e4 c5 2. Nf3 d6 3. d4 cxd4 4. Nxd4 Nf6 5. Nc3 a6 6. h3 e6 7. g4 Nc6 8. Bg2 h6
9. Nxc6 bxc6 10. e5 Nd5 11. exd6 Bxd6 12. Ne4 Be7 13. c4 Nb4 14. Qxd8+ Kxd8 15.
O-O e5 16. f4 Kc7 17. fxe5 Be6 18. b3 Nd3 19. Bd2 a5 20. Bc3 Bb4 21. Rad1 Rhd8
22. Ba1 a4 23. Nd6 Bc5+ 24. Kh2 Nb4 25. Rd2 axb3 26. axb3 Ra3 27. Rb1 Be3 28.
Rdd1 Rxa1 29. Rxa1 Bf4+ 30. Kh1 Bxe5 31. Ra7+ Kb8 32. Rb7+ Ka8 33. Rxb4 Rxd6 34.
Rxd6 Bxd6 35. Bxc6+ Ka7 36. Rb5 1-0

[Event "European Rapid 2014"]
[Site "Wroclaw POL"]
[Date "2014.12.20"]
[Round "4.47"]
[White "Sivuk, Vitaly"]
[Black "Pedini, Dario"]
[Result "1/2-1/2"]
[WhiteTitle "IM"]
[WhiteElo "2501"]
[BlackElo "2251"]
[WhiteFideId "14116502"]
[BlackFideId "824623"]
[EventDate "2014.12.20"]

1. d4 d5 2. c4 e6 3. Nf3 f5 4. Nc3 Nf6 5. Bf4 c6 6. e3 Bd6 7. Bxd6 Qxd6 8. Bd3
O-O 9. O-O Ne4 10. Qc2 Nd7 11. Rab1 Rf6 12. Nd2 Rh6 13. f4 g5 14. Bxe4 dxe4 15.
Ndxe4 fxe4 16. Nxe4 Qc7 17. Nxg5 Nf8 18. Rf3 Rg6 19. Rbf1 h6 20. Ne4 Qg7 21. Nd6
Nh7 22. Qd2 b6 23. b4 Bd7 24. e4 Rf8 25. c5 Kh8 26. Nc4 Be8 27. Ne5 Rgf6 28. Qc3
b5 29. Rg3 Ng5 30. Qe3 Qh7 31. Ng4 R6f7 32. e5 Qe4 33. Nf6 Qxe3+ 34. Rxe3 Nh7
35. Nxe8 Rxe8 36. a4 bxa4 37. Ra3 Rd8 38. Rxa4 Rxd4 39. g3 Kg7 40. Rfa1 Kg6 41.
Rxa7 Rxa7 42. Rxa7 Rxb4 43. Rc7 Rb2 44. Rxc6 Kf5 45. Rc8 Rc2 46. Rh8 Kg6 47. Re8
Kf7 48. Rc8 Nf8 49. c6 Ng6 50. c7 Ne7 51. Rh8 Rxc7 52. Rxh6 Nf5 53. Rh7+ Ng7 54.
Kg2 Rc8 55. Rh6 Nf5 56. Rf6+ Ke7 57. Rg6 Rc2+ 58. Kh3 Ne3 59. Rg7+ Kf8 60. Ra7
Nf5 61. Ra3 Kf7 62. g4 Ne7 63. Kg3 Rc1 64. Kh4 Rc2 65. h3 Rc7 66. Kg5 Rc8 67.
Ra7 Rg8+ 68. Kh4 Rh8+ 69. Kg3 Rb8 70. f5 exf5 71. gxf5 Kf8 72. Kf4 Rb1 73. f6
Rf1+ 74. Kg4 Nc6 75. Rc7 Nxe5+ 76. Kg5 Nf7+ 77. Kg6 Rg1+ 78. Kf5 Rf1+ 79. Kg6
Ne5+ 80. Kg5 Nf7+ 81. Kg6 1/2-1/2